[Event "DPEM German Cup 2020"]
[Site "Magdeburg"]
[Date "2020.08.20"]
[Round "1.1"]
[White "Meyer-Dunker, Paul"]
[Black "Rust-Lux, Klaus"]
[Result "1-0"]
[WhiteElo "2105"]
[BlackElo "2086"]
[Annotator "TA"]
[PlyCount "99"]
[EventDate "2020.07.30"]
[EventType "k.o."]
[EventCountry "GER"]
[SourceTitle "playchess.com"]
[Source "ChessBase"]
[SourceQuality "1"]

{[%evp 12,99,35,33,64,54,72,45,63,47,67,77,79,79,113,107,97,71,82,66,71,-25,-34,-38,-46,-31,72,69,85,88,105,0,0,0,0,0,0,0,33,-47,-46,-440,231,0,0,0,0,0,86,85,120,131,215,196,205,205,162,80,137,139,409,409,816,795,806,790,789,646,643,608,747,765,1287,1262,1185,1111,1416,1312,1690,1350,1432,1273,2434,2370,2292,1807,12841,12841,12845,12844]} 1. e4 d6 2. d4 Nf6 3. Nc3 g6 4. f3 c6 5. Be3 Nbd7 6. Qd2 b5 7. g4 {7.g4 has become a bit dusty these days.} b4 {B07: Pirc Defence: Miscellaneous Systems.} 8. Nce2 Rb8 {[#]} 9. Ng3 $146 ({Predecessor:} 9. h4 Nb6 10. b3 h5 11. g5 Nfd7 12. Bg2 Bg7 13. Rd1 Qc7 14. Nh3 c5 15. d5 {0-1 (39) Windelband,J (2183)-Geiling,C (2172) Germany 2010}) 9... h5 {White is slightly better.} 10. g5 Nh7 11. h4 Bg7 12. f4 Qc7 13. f5 c5 14. N1e2 cxd4 15. Nxd4 {Hoping for fxg6.} Ne5 16. fxg6 (16. O-O-O $16) 16... fxg6 $11 17. Bb5+ Rxb5 18. Nxb5 Nf3+ (18... Qd7 $1 $15 {keeps the upper hand.} 19. Qe2 (19. Qxb4 Qg4 $17) 19... O-O) 19. Kf2 $16 Qd7 20. Kxf3 (20. Qxb4 $2 O-O $19) 20... Be5 21. Bf2 (21. Kg2 $16 {Black must now prevent Qe2.} Bxg3 22. Qe2 (22. Kxg3 Qg4+ 23. Kf2 Rf8+ 24. Ke1 Qxe4 $16)) 21... Qxb5 $11 22. Kg2 Rf8 23. a4 Qd7 24. Qxb4 Qg4 {( -> ...Qf3+)} 25. Ra3 {[#]} (25. Qb5+ $14 Bd7 26. Qe2) 25... Nxg5 $1 $15 {[%mdl 512]} 26. Qb5+ $2 {[%mdl 8192]} ({Only move:} 26. hxg5 $15 h4 {[%mdl 64] Pin} 27. Qb5+ Bd7 28. Qb8+ Kf7 29. Rxh4 Rxb8 30. Rxg4 Bxg4 31. Rb3 Rxb3 32. cxb3) 26... Kf7 $4 {[%mdl 8192]} (26... Bd7 $19 27. Qb8+ Kf7) 27. Qe2 $2 ({Don't blunder} 27. Bxa7 $2 Ne6 $19) ({White has to play} 27. hxg5 $18 {Qe2 is the strong threat.} Kg8 28. Qe2 (28. Bxa7 h4 $16 {[%mdl 64] Pin}) 28... Qxg5 29. Bd4 (29. Bxa7 h4 $16 {[%mdl 64] Pin})) 27... Qxe2 $11 28. Nxe2 Nxe4 29. Bd4 Ke6 (29... Nd2 $11 30. Rd1 Bb7+ 31. Kh3 Bc8+ 32. Kg2 Bb7+ 33. Kh3 Bc8+ 34. Kg2) 30. Rf1 $16 Rxf1 31. Kxf1 Ba6 {[#]} (31... Bxd4 $16 32. Nxd4+ Kd7) 32. Bxe5 $1 $18 Kxe5 {[%mdl 4096] Endgame KRN-KBN} 33. Re3 d5 34. c3 (34. Ke1 $18) 34... Kf5 ({Black should try} 34... Kf6) 35. Kg2 $16 e5 $2 {[%mdl 8192]} (35... Bxe2 $16 36. Rxe2 e5) 36. Ng3+ $18 Kf4 (36... Nxg3 $142 37. Rf3+ (37. Rxg3 Be2 $16) (37. Kxg3 e4 $14) 37... Ke6 38. Rxg3 (38. Kxg3 Ke7 $16) 38... Kf6) 37. Rf3+ {White is clearly winning.} Kg4 38. Nxe4 dxe4 {KR-KB} 39. Rg3+ Kf5 40. b3 {[%cal Bb2b3,Bb3b4,Bb4a5][%mdl 32]} Bd3 41. c4 Kf4 42. Kf2 e3+ 43. Rxe3 Bf5 44. b4 e4 45. c5 Ke5 46. Kg3 Kd4 47. Kf4 Kd5 48. Re1 a5 49. bxa5 Kxc5 50. Rxe4 {Quite a comeback for White. Accuracy: White = 68%, Black = 36%.} 1-0

[Event "DPEM German Cup 2020"]
[Site "Magdeburg"]
[Date "2020.08.20"]
[Round "1.2"]
[White "Falk, Kristoffer"]
[Black "Sergin, Mark"]
[Result "1-0"]
[WhiteElo "2042"]
[BlackElo "2233"]
[Annotator "RC"]
[PlyCount "57"]
[EventDate "2020.07.30"]
[EventType "k.o."]
[EventCountry "GER"]
[SourceTitle "playchess.com"]
[Source "ChessBase"]
[SourceQuality "1"]
[TimeControl "40/5400+30:900+30"]

1. d4 {[%emt 0:00:00]} Nf6 {[%emt 0:00:00]} 2. Nf3 {[%emt 0:00:00]} e6 {[%emt 0:00:00]} 3. c4 {[%emt 0:01:03]} c5 {[%emt 0:02:31]} 4. g3 {[%emt 0:00:09]} cxd4 {[%emt 0:00:47]} 5. Nxd4 {[%emt 0:02:23]} Nc6 {[%emt 0:00:11]} 6. Bg2 {[%emt 0:10:54]} Bc5 {[%emt 0:04:12]} 7. Nc2 {[%emt 0:01:01]} O-O {[%emt 0:06:07]} 8. O-O {[%emt 0:00:28]} a6 {[%emt 0:01:05]} 9. Nc3 {[%emt 0:03:05]} Be7 {[%emt 0:00:40]} 10. b3 {[%emt 0:04:54]} d6 {[%emt 0:00:38]} 11. Bb2 {[%emt 0:06:30]} Qc7 {[%emt 0:05:47]} 12. Rc1 {[%emt 0:02:25]} Rb8 {[%emt 0:00:36]} 13. Ne3 {[%emt 0:03:31]} Ne5 {[%emt 0:02:59]} 14. Rc2 {[%emt 0:07:06]} b6 {[%emt 0:04:12]} 15. Qa1 {[%emt 0:02:37]} Bb7 {[%emt 0:01:25]} 16. Rd1 {[%emt 0:03:53]} Bxg2 {[%emt 0:16:35]} 17. Kxg2 {[%emt 0:12:01]} Rfc8 {[%emt 0:09:22]} 18. Qc1 b5 {[%emt 0:00:01]} 19. cxb5 {[%emt 0:01:27]} axb5 {[%emt 0:05:36]} 20. Ncd5 {[%emt 0:02:06]} Nxd5 {[%emt 0:00:01]} 21. Rxc7 {[%emt 0:00:39]} Rxc7 {[%emt 0:00:12]} 22. Qd2 {[%emt 0:00:24]} Nxe3+ {[%emt 0:00:39]} 23. Qxe3 {[%emt 0:01:00]} Nd7 {[%emt 0:01:23]} 24. Rc1 Rbc8 25. Rxc7 {[%emt 0:01:04]} Rxc7 {[%emt 0:00:28]} 26. Qd3 {[%emt 0:04:20]} b4 {[%emt 0:01:27]} 27. Qb5 d5 {[%emt 0:00:01]} 28. Be5 {[%emt 0:01:11]} Ra7 29. Bb8 1-0

[Event "DPEM German Cup 2020"]
[Site "Magdeburg"]
[Date "2020.08.20"]
[Round "1.3"]
[White "Rott, Georg"]
[Black "Goergens, Michael"]
[Result "1-0"]
[WhiteElo "2150"]
[BlackElo "2040"]
[Annotator "TA"]
[PlyCount "69"]
[EventDate "2020.07.30"]
[EventType "k.o."]
[EventCountry "GER"]
[SourceTitle "playchess.com"]
[Source "ChessBase"]
[SourceQuality "1"]

{[%evp 11,69,51,65,25,41,35,36,20,52,52,61,54,58,47,56,36,37,16,29,33,34,5,9,6,52,10,34,39,62,16,16,20,36,25,31,0,0,-6,-5,-27,-15,-116,-116,-103,-113,-104,-101,-298,-37,-8,100,0,1060,998,1497,925,29993,29993,29993,29994]} 1. e4 e5 2. Nf3 Nc6 3. Bb5 a6 4. Bxc6 bxc6 5. O-O d6 6. d4 f6 7. h3 {C68: Ruy Lopez: Exchange Variation, sidelines.} Be6 {[#]} 8. Qe2 $146 ({Predecessor:} 8. dxe5 dxe5 9. Qe2 Bd6 10. Nbd2 Qb8 11. b3 Ne7 12. Nc4 O-O 13. Rd1 Ng6 14. Be3 a5 {0-1 (58) Kalajzic,I (2191)-Milosavljevic,J (2082) Omis 2005}) 8... Ne7 9. dxe5 {White is slightly better.} dxe5 10. Rd1 Qb8 11. b3 Ng6 12. Be3 Be7 13. Nbd2 (13. Ne1 {feels hotter.} O-O 14. Nc3 a5 15. Nd3 Qe8 16. f3) 13... O-O 14. Nf1 Qb5 15. c4 Qb7 16. Ne1 a5 17. Nd3 Rfb8 18. Bc5 Bxc5 19. Nxc5 Qc8 20. Ne3 {[%cal Bf1e3,Be3f5,Bf5h6,Bh6g4][%mdl 32]} Nf4 21. Qf3 Qe8 22. Nf5 g6 23. Nh6+ Kg7 24. Ng4 Qe7 25. Qe3 Rd8 26. Kh2 (26. Nxe6+ $11 Nxe6 27. Qh6+ Kg8 28. Kh1) 26... h5 $17 27. g3 hxg4 28. gxf4 Rh8 {[%cal Rh8h3]} ({Much weaker is} 28... gxh3 $6 29. Nxe6+ Qxe6 30. f5 $11) 29. f5 $2 {[#]} (29. Kg2 $17 {might work better.}) 29... Rxh3+ $2 (29... gxf5 $19 30. Kg2 Rxh3 31. Nxe6+ Qxe6) 30. Qxh3 $15 gxh3 (30... Qxc5 $11 31. Qg2 gxf5 32. exf5 Bxf5) 31. Nxe6+ $16 Kh6 $2 {[%mdl 8192]} (31... Kf7 $11) 32. Rd3 $18 {[%cal Rd3h3] [#]} Kh7 33. Rad1 Qa3 34. Rd7+ Kh8 35. R1d3 {Accuracy: White = 54%, Black = 60%.} 1-0

[Event "DPEM German Cup 2020"]
[Site "Magdeburg"]
[Date "2020.08.20"]
[Round "1.4"]
[White "Zeuner, Ole"]
[Black "Keyser, Philipp"]
[Result "0-1"]
[WhiteElo "1821"]
[BlackElo "1995"]
[Annotator "ChessBase"]
[PlyCount "118"]
[EventDate "2020.07.30"]
[EventType "k.o."]
[EventCountry "GER"]
[SourceTitle "playchess.com"]
[Source "ChessBase"]
[SourceQuality "1"]
[TimeControl "40/5400+30:900+30"]

1. e4 {[%emt 0:00:00]} c5 {[%emt 0:00:00]} 2. Nf3 {[%emt 0:00:00]} d6 {[%emt 0:00:00]} 3. d4 {[%emt 0:00:00]} cxd4 {[%emt 0:00:00]} 4. Nxd4 {[%emt 0:00:00]} Nf6 {[%emt 0:00:00]} 5. Nc3 {[%emt 0:00:04]} a6 {[%emt 0:00:05]} 6. Be3 {[%emt 0:00:10]} e6 {[%emt 0:00:57]} 7. g4 {[%emt 0:02:07]} b5 {[%emt 0:04:56]} 8. g5 {[%emt 0:03:28]} Nfd7 {[%emt 0:00:06]} 9. Bg2 {[%emt 0:02:57]} Bb7 {[%emt 0:00:20]} 10. Qe2 {[%emt 0:07:34]} Nb6 {[%emt 0:00:38]} 11. f4 {[%emt 0:05:38]} b4 {[%emt 0:02:00]} 12. Nd1 {[%emt 0:01:46]} Qc7 {[%emt 0:01:03]} 13. O-O {[%emt 0:01:17]} d5 {[%emt 0:01:56]} 14. Qh5 {[%emt 0:08:35]} g6 {[%emt 0:00:39]} 15. Qg4 {[%emt 0:00:05]} N8d7 {[%emt 0:02:28]} 16. f5 {[%emt 0:09:10]} e5 {[%emt 0:00:12]} 17. fxg6 {[%emt 0:01:24]} hxg6 {[%emt 0:01:53]} 18. Nb3 {[%emt 0:04:21]} d4 {[%emt 0:04:27]} 19. Bd2 {[%emt 0:00:55]} Nc4 {[%emt 0:02:11]} 20. Qf3 {[%emt 0:03:01]} Rh7 {[%emt 0:00:19]} 21. Bh3 {[%emt 0:04:32]} O-O-O {[%emt 0:01:26]} 22. Be1 {[%emt 0:05:44]} Be7 {[%emt 0:00:36]} 23. c3 {[%emt 0:02:42]} Rdh8 {[%emt 0:04:26]} 24. Bxd7+ {[%emt 0:00:33]} Qxd7 {[%emt 0:00:11]} 25. Bg3 {[%emt 0:00:14]} Bxg5 {[%emt 0:12:40]} 26. Qd3 {[%emt 0:06:32]} Nd6 {[%emt 0:09:54]} 27. Nc5 {[%emt 0:03:05]} Qc6 {[%emt 0:03:02]} 28. cxd4 {[%emt 0:03:01]} exd4 {[%emt 0:01:28]} 29. Qxd4 {[%emt 0:01:46]} Nxe4 {[%emt 0:01:20]} 30. Nxe4 Qxe4 {[%emt 0:00:00]} 31. Qxe4 {[%emt 0:03:47]} Bxe4 {[%emt 0:00:00]} 32. Re1 {[%emt 0:02:34]} f5 {[%emt 0:00:09]} 33. Nf2 {[%emt 0:00:54]} Bf3 {[%emt 0:02:57]} 34. Nd3 {[%emt 0:00:16]} Be4 {[%emt 0:07:02]} 35. Nc5 {[%emt 0:04:27]} Bb7 {[%emt 0:04:25]} 36. Ne6 {[%emt 0:02:43]} Bd2 {[%emt 0:00:35]} 37. Re2 {[%emt 0:00:46]} Rd7 {[%emt 0:00:57]} 38. Nc5 {[%emt 0:02:02]} Rd5 {[%emt 0:00:58]} 39. Na4 {[%emt 0:02:43]} Kd8 {[%emt 0:01:46]} 40. Nb6 {[%emt 0:03:09]} Rd4 {[%emt 0:01:43]} 41. Be5 {[%emt 0:18:18]} Re8 {[%emt 0:23:57]} 42. Bf6+ {[%emt 0:01:48]} Kc7 {[%emt 0:00:07]} 43. Rxe8 {[%emt 0:00:39]} Rg4+ {[%emt 0:00:06]} 44. Kf1 {[%emt 0:00:59]} Kxb6 {[%emt 0:00:07]} 45. Rd1 {[%emt 0:00:00]} Bf4 {[%emt 0:00:00]} 46. Re6+ {[%emt 0:00:00]} Kb5 {[%emt 0:00:00]} 47. Bd8 {[%emt 0:00:00]} Bg2+ {[%emt 0:00:00]} 48. Kf2 {[%emt 0:00:00]} Bxh2 {[%emt 0:00:00]} 49. Rb6+ {[%emt 0:00:00]} Kc5 {[%emt 0:00:00]} 50. Rxa6 {[%emt 0:00:00]} Be4 {[%emt 0:00:00]} 51. Bf6 {[%emt 0:00:00]} Bf4 {[%emt 0:00:00]} 52. b3 {[%emt 0:00:00]} Rg3 {[%emt 0:00:00]} 53. Bd4+ {[%emt 0:01:35]} Kb5 {[%emt 0:00:00]} 54. Re6 {[%emt 0:01:07]} g5 {[%emt 0:00:00]} 55. Rg1 Rd3 {[%emt 0:00:00]} 56. Ba7 {[%emt 0:02:16]} Rd2+ {[%emt 0:00:00]} 57. Ke1 {[%emt 0:00:39]} Rxa2 {[%emt 0:00:00]} 58. Bd4 {[%emt 0:00:23]} Rc2 {[%emt 0:00:02]} 59. Kd1 {[%emt 0:01:23]} Rd2+ {[%emt 0:00:05]} 0-1

[Event "DPEM German Cup 2020"]
[Site "Magdeburg"]
[Date "2020.08.20"]
[Round "1.5"]
[White "Langrock, Hannes"]
[Black "Mueller, Philipp"]
[Result "1-0"]
[WhiteElo "2346"]
[BlackElo "2171"]
[Annotator "RC"]
[PlyCount "101"]
[EventDate "2020.07.30"]
[EventType "k.o."]
[EventCountry "GER"]
[SourceTitle "playchess.com"]
[Source "ChessBase"]
[SourceQuality "1"]
[TimeControl "40/5400+30:900+30"]

1. d4 Nf6 2. c4 g6 3. g3 c5 4. Nf3 Bg7 5. Bg2 O-O 6. O-O cxd4 7. Nxd4 d5 8. cxd5 Nxd5 9. Nc3 Nxc3 10. bxc3 Nc6 11. Be3 Na5 12. Qd3 Bd7 13. Nb3 Nxb3 14. axb3 Qc7 15. Rxa7 Rxa7 16. Bxa7 Bc6 17. Bxc6 Qxc6 18. c4 Be5 19. Rd1 h5 20. Qd5 Bd6 21. c5 Bb8 22. Qxc6 bxc6 23. Bb6 f5 24. b4 Kf7 25. Bd8 Bd6 26. Ba5 Be5 27. Rd3 g5 28. Bd8 h4 29. b5 cxb5 30. c6 h3 31. f4 gxf4 32. gxf4 Bxf4 33. c7 Bxc7 34. Bxc7 Rc8 35. Be5 Rc4 36. Kf2 Ke6 37. Bb2 b4 38. Rxh3 Kd5 39. Rd3+ Kc5 40. Re3 Rh4 41. Kg3 Rh6 42. Kf2 Rh4 43. h3 Kc4 44. Kg3 Rh6 45. Rxe7 Kb3 46. Bg7 Rh5 47. h4 Kc2 48. Rc7+ Kd2 49. Rb7 Kxe2 50. Rxb4 Rh7 51. Bf6 1-0

[Event "DPEM German Cup 2020"]
[Site "Magdeburg"]
[Date "2020.08.20"]
[Round "1.6"]
[White "Kuberczyk, Christoph"]
[Black "Meyer, Thomas"]
[Result "1-0"]
[WhiteElo "2348"]
[BlackElo "2020"]
[Annotator "TA"]
[PlyCount "43"]
[EventDate "2020.07.30"]
[EventType "k.o."]
[EventCountry "GER"]
[SourceTitle "playchess.com"]
[Source "ChessBase"]
[SourceQuality "1"]

{[%evp 20,43,20,33,31,0,63,22,25,28,21,0,17,14,16,18,308,302,525,127,525,518,688,611,660,643]} 1. d4 e6 2. Nf3 d5 3. c4 Nf6 4. g3 c6 5. Bg2 g6 6. O-O Bg7 7. Qc2 O-O 8. Nbd2 Nbd7 9. e4 Nxe4 10. Nxe4 dxe4 11. Qxe4 Re8 {D78: Fianchetto Grünfeld: 6 0-0 c6.} 12. Rd1 Qa5 {[#]} ({Black should play} 12... e5 $11) 13. Bf4 $146 ({Predecessor:} 13. Bd2 Qf5 14. Qxf5 gxf5 15. Bc3 c5 16. Rac1 Rb8 17. dxc5 Bxc3 18. Rxc3 Nxc5 19. b4 {½-½ (52) Sochna,D (2160)-Krondraf,K (2150) Czechia 2005}) 13... e5 {The position is equal.} 14. dxe5 Nxe5 15. b4 {[%cal Bb2b4,Bb4a5,Ba5a6][%mdl 32]} (15. Nxe5 {is more complex.} Bxe5 16. b4 Qc7 17. Re1 f6 18. Qd4) 15... Nxf3+ 16. Bxf3 Rxe4 17. bxa5 Bxa1 $4 {[%mdl 8192]} (17... Re8 $1 $11) 18. Bxe4 $18 Bc3 $2 (18... g5 {is a better defense.} 19. Bxg5 (19. Rxa1 gxf4 20. Rb1 fxg3 $16) 19... Bc3) 19. Rd8+ Kg7 {[#]} 20. a6 $1 {[%mdl 512] White is clearly winning.} f5 (20... bxa6 21. Bxc6) 21. Bf3 g5 {[#]} 22. Rxc8 $1 {[%mdl 576] Promotion. Accuracy: White = 78%, Black = 45%.} 1-0

[Event "DPEM German Cup 2020"]
[Site "Magdeburg"]
[Date "2020.08.20"]
[Round "1.7"]
[White "Weber, Samuel"]
[Black "Fuchs, Florian"]
[Result "1/2-1/2"]
[WhiteElo "2334"]
[BlackElo "2326"]
[Annotator "TA"]
[PlyCount "82"]
[EventDate "2020.07.30"]
[EventType "k.o."]
[EventCountry "GER"]
[SourceTitle "playchess.com"]
[Source "ChessBase"]
[SourceQuality "1"]

{[%evp 17,82,10,27,10,29,4,18,0,11,0,0,4,7,38,40,25,58,0,23,18,28,21,22,29,31,0,0,0,0,0,0,0,0,0,0,3,14,16,16,0,0,0,0,0,0,0,0,0,0,0,0,0,0,0,0,0,0,0,0,0,0,0,0,0,0,0,0]} 1. e4 c5 2. Nf3 Nc6 3. Bb5 g6 4. Bxc6 dxc6 5. d3 Bg7 6. h3 Nf6 7. Nc3 O-O 8. Be3 b6 9. Qd2 e5 10. a4 {B31: Sicilian: 2...Nc6 3 Bb5 g6.} a5 11. O-O Ne8 12. Nh2 Nc7 13. f4 exf4 {[#]} 14. Rxf4 $146 ({Predecessor:} 14. Bxf4 Ne6 15. Bh6 Nd4 16. Rf2 Be6 17. Qf4 Ra7 18. e5 f5 19. Bxg7 Kxg7 20. Nf3 {½-½ (44) Player,E (2110)-Miles,R (2084) England 1998}) 14... Ne6 15. Rf2 Nd4 16. Raf1 Ra7 17. Ne2 ({White should try} 17. Bh6 $14) 17... f5 18. Nxd4 cxd4 19. Bg5 Qd6 20. exf5 Bxf5 21. g4 Be6 {The position is equal.} 22. Rxf8+ Bxf8 23. Qf4 Bd5 24. Qxd6 Bxd6 25. Bf6 c5 26. g5 Bxh2+ 27. Kxh2 $11 {[%mdl 4096] Endgame KRB-KRB} Rd7 28. Re1 Kf7 29. b3 Be6 30. Kg3 h5 31. Re5 Rd6 32. Re1 Rd7 33. Re5 Rd6 34. Re1 Rd7 35. Rf1 Bf5 36. h4 Rd5 37. Re1 Be6 38. Be5 Rd7 $1 39. Rf1+ Bf5 40. Bf6 Rd5 41. Re1 Be6 {Accuracy: White = 93%, Black = 97%.} 1/2-1/2

[Event "DPEM German Cup 2020"]
[Site "Magdeburg"]
[Date "2020.08.20"]
[Round "1.8"]
[White "Savic, Robert"]
[Black "Cofmann, Veaceslav"]
[Result "0-1"]
[WhiteElo "1903"]
[BlackElo "2272"]
[Annotator "TA"]
[PlyCount "72"]
[EventDate "2020.07.30"]
[EventType "k.o."]
[EventCountry "GER"]
[SourceTitle "playchess.com"]
[Source "ChessBase"]
[SourceQuality "1"]

{[%evp 12,71,79,46,70,64,61,55,74,50,69,50,58,53,45,41,73,66,72,72,72,74,99,42,88,67,97,96,91,66,57,60,48,0,35,50,57,27,27,33,63,61,63,34,47,-30,-31,-10,-8,-4,-4,-5,-7,-15,-20,-122,43,-26,-45,-63,-87,-29999]} 1. d4 Nf6 2. c4 c5 3. d5 e6 4. Nc3 exd5 5. cxd5 Bd6 6. Nf3 O-O 7. g3 Re8 {A60: Modern Benoni: Early Divergences.} 8. Bg2 Bf8 9. O-O d6 {White is slightly better.} 10. Re1 {[#]} g6 $146 ({Predecessor:} 10... Na6 11. e4 Bg4 12. h3 Bxf3 13. Qxf3 Nd7 14. Bf1 Nc7 15. Bf4 a6 16. a4 Rb8 {½-½ (35) Ramnathan,B (2262)-Thejkumar,M (2457) Chennai 2011}) 11. h3 Nbd7 12. Bf4 a6 13. a4 Nh5 14. Bg5 Be7 15. Bxe7 Qxe7 16. e4 Qf6 17. Bf1 (17. Nd2 $16) 17... b6 18. Nd2 Rb8 19. Re3 Ng7 20. Qe1 g5 21. Rb1 Ne5 22. Kg2 Qh6 23. g4 Qf6 24. b4 cxb4 25. Rxb4 a5 26. Rb3 h5 27. f3 $1 Ng6 {[%cal Be5g6,Bg6h4,Bh4f3][%mdl 32]} 28. Nc4 ({White should try} 28. Kg1 $14) 28... Nh4+ $11 29. Kh1 $1 Nxf3 30. Qf2 $1 $132 {[%mdl 2048] White is not holding back} hxg4 {With the idea ...Nh5.} 31. Nb5 Rd8 32. Na7 {Threatens to win with Nc6.} Bd7 {White must now prevent ...Qf4.} 33. Nxb6 {[#]} (33. Nc6 $11 {keeps the balance.} Bxc6 34. dxc6) 33... Rb7 $2 (33... Rxb6 $1 $17 {[%mdl 512]} 34. Rxb6 Qf4) 34. Nxd7 (34. Nc6 $14) 34... Rdxd7 ({Reject} 34... Rbxd7 $6 35. Nc6 $14) 35. Nb5 Qh6 36. Kg2 $4 {[%mdl 8192]} (36. Qg2 $17) 36... Qxh3# {Accuracy: White = 59%, Black = 69%.} 0-1

[Event "DPEM German Cup 2020"]
[Site "Magdeburg"]
[Date "2020.08.20"]
[Round "2.1"]
[White "Schroeder, Torsten"]
[Black "Mueer, Sebastian"]
[Result "1/2-1/2"]
[WhiteElo "2164"]
[BlackElo "2210"]
[Annotator "TA"]
[PlyCount "120"]
[EventDate "2020.07.30"]
[EventType "k.o."]
[EventCountry "GER"]
[SourceTitle "playchess.com"]
[Source "ChessBase"]
[SourceQuality "1"]

{[%evp 23,120,0,64,8,12,10,14,16,38,37,81,64,127,130,203,158,300,66,76,83,176,152,237,84,89,91,116,112,96,58,45,42,69,64,67,13,12,15,53,47,91,43,52,50,82,60,73,33,81,69,103,100,147,110,145,121,125,120,218,202,197,210,213,181,285,272,767,773,757,755,718,347,335,343,505,494,472,457,399,254,254,254,254,254,254,254,428,338,331,228,228,228,228,228,228,0,228,0,228]} 1. d4 Nf6 2. c4 g6 3. Nc3 Bg7 4. e4 d6 5. f4 O-O 6. Nf3 c5 7. dxc5 Qa5 8. Bd3 Qxc5 9. Qe2 Bg4 10. Be3 Qh5 11. O-O Nc6 12. Rac1 Nd7 (12... Bxf3 $11 13. gxf3 (13. Rxf3 Ng4 $11) 13... Nd7) 13. Qf2 {E76: King's Indian: Four Pawns Attack: Lines specific to 6 Nf3 move-order.} (13. Qd2 $14) 13... Bxf3 $11 14. gxf3 Nc5 15. Bb1 Rac8 16. Kh1 Kh8 17. Rg1 {[#]} f5 $146 (17... Nd7 $14) ({Predecessor:} 17... Ne6 18. Nd5 f5 19. exf5 gxf5 20. b4 Rf7 21. Rcd1 b6 22. a3 Nf8 23. Rg5 Qh3 {1-0 (31) Zubov,O (2306)-Semenov,D (2241) Kramatorsk 2002}) 18. Rg5 $16 Qh3 (18... Qh6 $16) 19. Rg3 Qh4 (19... Qh6 $16) 20. Rcg1 $2 (20. exf5 $18 gxf5 21. Rcg1) 20... e6 $14 21. Nb5 Qe7 {[#]} (21... Rcd8 $16 {might work better.}) 22. e5 $1 {[%mdl 512]} Nxe5 (22... b6 $16 {was necessary.}) (22... dxe5 23. Bxc5) 23. Bxc5 $2 (23. fxe5 $18 Bxe5 24. f4) 23... Rxc5 $16 24. fxe5 Bxe5 25. f4 Bf6 26. Rd3 d5 27. Rgd1 Rxc4 28. b3 Rb4 29. Nd4 ({Better is} 29. Nxa7 $14 g5 30. fxg5 Bxg5 31. Rg1) 29... Qc5 $11 30. Kg2 Rb6 31. Re1 Qe7 32. Qe3 {[%cal Rd4e6]} Re8 33. Qd2 Qg7 34. Nf3 {Rxd5! is the strong threat.} Rc8 35. Rc1 Re8 36. Re3 $36 {[%mdl 2048] White has good play.} Qh6 37. Re2 Rg8 38. Kh1 Qh5 39. Rf2 h6 40. Re1 Rc6 (40... Rg7 $16 41. Nd4 Re7) 41. Nd4 $18 Bxd4 42. Qxd4+ {[%mdl 64] Double Attack} Rg7 43. Bd3 (43. Qxa7 g5) 43... a6 (43... g5 $142 44. Qxa7 gxf4 45. Qb8+ (45. Rxf4 Rc3 $16) 45... Kh7) 44. Qf6 {Hoping for Be2.} Kh7 $2 (44... Qh3) 45. Be2 Qh3 46. Rf3 Qg4 47. Rg1 (47. h3 $142 e5 48. Qxg7+ $1 {[%mdl 512]} (48. hxg4 Rxf6 49. fxe5 Re6 $18) 48... Kxg7 49. hxg4) 47... e5 48. Qd8 ({Less strong is} 48. Rxg4 Rxf6 49. fxe5 Re6 $16) ({Resist} 48. Qxe5 Qh4 $18) ({Don't go for} 48. fxe5 $2 Qe4 $19) 48... e4 (48... Rg8 $142 49. Qxd5 Qh4) 49. Rxg4 {Strongly threatening Rh3!} exf3 50. Rg1 fxe2 51. Qxd5 Re7 52. Qd2 Rce6 {[#]} 53. Re1 $1 Re4 54. Kg2 g5 $2 (54... R7e6 55. Qd5 Re7) 55. fxg5 hxg5 56. Qd5 Kg6 57. Qg8+ Rg7 58. Qb8 Rge7 59. Qg8+ Rg7 $1 {[%cal Rg7g8]} 60. Qb8 Rge7 $1 {Accuracy: White = 62%, Black = 40%.} 1/2-1/2

[Event "DPEM German Cup 2020"]
[Site "Magdeburg"]
[Date "2020.08.20"]
[Round "2.2"]
[White "Neyman, Igor"]
[Black "Rott, Georg"]
[Result "*"]
[WhiteElo "2345"]
[BlackElo "2150"]
[Annotator "TA"]
[PlyCount "152"]
[EventDate "2020.07.30"]
[EventType "k.o."]
[EventCountry "GER"]
[SourceTitle "playchess.com"]
[Source "ChessBase"]
[SourceQuality "1"]

{[%evp 16,152,26,22,17,25,26,7,32,22,20,25,21,8,12,8,12,13,13,0,14,12,12,10,9,6,0,0,11,0,0,0,0,0,16,11,11,0,0,-5,-13,-11,0,0,0,0,0,-27,0,-7,0,0,23,12,22,0,0,0,7,0,0,-6,0,0,0,0,0,0,0,0,8,0,0,0,8,0,2,0,2,0,0,0,0,0,2,0,0,0,0,0,2,2,2,0,0,0,0,0,8,7,8,0,8,0,60,0,0,0,0,0,0,0,0,0,0,0,0,0,8,0,0,0,0,0,0,0,8,0,0,0,0,0,8,8,8,8,8,8,8]} 1. d4 d5 2. c4 c6 3. Nc3 Nf6 4. Nf3 e6 5. Bg5 Nbd7 6. e3 Be7 7. Qc2 h6 8. Bh4 O-O 9. cxd5 Nxd5 {D61: Queen's Gambit Declined: Classical: 7 Qc2.} 10. Bxe7 Qxe7 11. Be2 {[#]} N5f6 $146 ({Predecessor:} 11... Nxc3 12. Qxc3 c5 13. dxc5 Nxc5 14. O-O b6 15. Rac1 a5 16. Ne5 {½-½ (16) Buhmann,R (2570)-Tkachiev,V (2657) France 2008}) 12. O-O e5 13. Rfd1 exd4 14. Rxd4 Nc5 15. Rad1 Bg4 16. Nh4 Bxe2 17. Nxe2 {[#] Black must now prevent Nf5.} Ne6 18. Nf5 Qc7 19. R4d2 Rfd8 20. h3 Rxd2 21. Rxd2 Rd8 22. a3 Rd7 23. Qd1 Kf8 24. f3 (24. b4 {is interesting.} h5 25. Nfd4 Nxd4 26. Rxd4 g6 27. Rxd7 Qxd7 28. Qa1) 24... Qd8 25. Rxd7 Qxd7 26. Qxd7 (26. Qc2 {looks sharper.} a5 27. Kf2 Qd5 28. e4 Qd8 29. Qc3) 26... Nxd7 $11 {[%mdl 4096] Endgame KNN-KNN} 27. e4 Ne5 28. b3 c5 29. Nd6 b6 30. Kf2 Nc6 31. Nf5 Na5 32. Nc1 b5 33. Ke3 c4 34. b4 Nc6 35. Na2 a6 36. Nc3 h5 37. h4 g6 38. Nd6 Ncd4 39. a4 {[%cal Ra4b5]} bxa4 40. Nxa4 Nc2+ 41. Kd2 Nxb4 42. Nxc4 Nc6 43. g3 f6 44. Ke3 Ke7 45. Ncb6 Kf7 46. Nd5 a5 47. Ndb6 g5 48. Nc4 gxh4 49. gxh4 Nf8 50. Kf2 Ng6 51. Kg3 Nge5 52. Nd6+ Kg6 53. f4 Nd3 54. Nb5 Nc1 55. Kf3 Nb3 56. Ke3 Nb4 57. Nd6 Na6 58. Nc4 Nb4 59. Nd6 Na1 (59... Na6 $11) 60. Nc4 ({White should try} 60. Kd2 $14) 60... Nac2+ {The position is equal.} 61. Kd2 Nd4 62. Nxa5 Nf3+ {[%mdl 64] [#] Double Attack} 63. Ke2 Nxh4 64. Nc3 Ng2 65. Kf3 Ne1+ 66. Kg3 Nbd3 67. Nc6 Nc5 68. Ne7+ Kf7 69. Nf5 Ned3 70. Kf3 Ne6 (70... Ne1+ {is more complex.} 71. Kf2 Nc2 72. Kg3 Ne1 73. Nh4 Ned3) 71. Nd5 Ng7 72. Nxg7 Kxg7 73. Kg3 Kg6 74. Kh4 Nc5 75. Nc3 Kh6 76. f5 Nd3 {A rather calm draw. Accuracy: White = 97%, Black = 96%.} *